|
|
|
|
| LEADER |
00000nab a22000007a 4500 |
| 001 |
vtls010671934 |
| 005 |
20260401152954.0 |
| 008 |
250708s2007 xo |||||||||||||||||cze| |
| 035 |
|
|
|a (urnnbn)urn:nbn:sk:snk:ar-a069t9
|
| 035 |
|
|
|a (uuid)fbd2bf4b-b97c-4b71-aa7a-ee56b0ed690f
|
| 035 |
|
|
|a urn:nbn:sk:snk-ab18ja
|
| 040 |
|
|
|a SNKBUCL
|b slo
|c SNKBUCL
|e AACR2
|
| 041 |
0 |
|
|a cze
|
| 044 |
|
|
|a xo
|c SK
|
| 100 |
1 |
|
|a Benáková, Nina,
|d 1960-
|4 aut
|9 84476
|
| 245 |
1 |
0 |
|a LÉČBA ATOPICKÉ DERMATITIDY/EKZÉMU U DOSPĚLÝCH
|c Nina Benáková
|
| 773 |
0 |
|
|t Dermatológia pre prax
|g Roč. 1, č. 2 (2007), s. 70-75
|
| 852 |
|
|
|a Slovenská národná knižnica
|
| 954 |
|
|
|a odborná, vedecká literatúra cudzojazyčná (svetová)
|2 lita
|
| 958 |
|
|
|a article
|
| 958 |
|
|
|a OND
|
| 958 |
|
|
|a EUIPO
|
| 999 |
|
|
|c 3041069
|d 3042999
|